Vykročení k trhu.
Vykročenie k trhu sa ani v ČSFR nezaobíde bez hlbokej hospodárskej krízy. K prechodu sa použil scenár, ktorý MMF predpisuje krajinám, ktoré sa dostali do superinflácie a rastúceho zahraničného zadĺženia a v ktorých prevláda súkromné vlastníctvo a trhové hospodárstvo. Šoková liečba rozbieha infláciu....
Guardado en:
| Autor principal: | |
|---|---|
| Formato: | Capítulo de libro |
| Lenguaje: | checo |
| Materias: | |
| Etiquetas: |
Sin Etiquetas, Sea el primero en etiquetar este registro!
|
MARC
| LEADER | 00000naa a2200000 4500 | ||
|---|---|---|---|
| 001 | r004595 | ||
| 005 | 20221125070729.1 | ||
| 041 | 0 | |a cze | |
| 044 | |a [CS] | ||
| 245 | 1 | 0 | |a Vykročení k trhu. |c Č. Kožušník |
| 520 | |a Vykročenie k trhu sa ani v ČSFR nezaobíde bez hlbokej hospodárskej krízy. K prechodu sa použil scenár, ktorý MMF predpisuje krajinám, ktoré sa dostali do superinflácie a rastúceho zahraničného zadĺženia a v ktorých prevláda súkromné vlastníctvo a trhové hospodárstvo. Šoková liečba rozbieha infláciu. Ďalšie riziká vyplývajúce z tejto liečby. | ||
| 610 | 2 | 0 | |a hospodárstvo trhové |
| 610 | 2 | 0 | |a ČSFR |
| 610 | 2 | 0 | |a kríza hospodárska |
| 610 | 2 | 0 | |a zadlženosť zahraničná |
| 610 | 2 | 0 | |a vlastníctvo súkromné |
| 610 | 2 | 0 | |a inflácia |
| 610 | 2 | 0 | |a reformy hospodárske |
| 100 | 1 | |a Kožušník, Čestmír | |